[Event "Online Olym Disabilities"]
[Site "Tornelo INT"]
[Date "2020.11.27"]
[Round "7.21"]
[White "Osorio, Jesus Camilo"]
[Black "Suaza, Yesid Rodrigo"]
[Result "0-1"]
[WhiteElo "1859"]
[BlackElo "1836"]
[PlyCount "110"]
[EventDate "2020.11.21"]
[EventType "team-swiss (rapid)"]
[EventRounds "7"]
[EventCountry "NET"]
[SourceTitle "CBM 199 Extra"]
[Source "ChessBase"]
[SourceDate "2021.01.31"]
[SourceVersion "1"]
[SourceVersionDate "2021.01.31"]
[SourceQuality "1"]
[WhiteTeam "Panama"]
[BlackTeam "Colombia II"]
[WhiteTeamCountry "PAN"]
[BlackTeamCountry "COL"]

1. d4 Nf6 2. Nf3 d6 3. Bf4 g6 4. h3 Bg7 5. e3 c5 6. c3 Qb6 7. Qb3 Be6 8. Qxb6 axb6 9. a3 0-0 10. Nbd2 Nc6 11. Be2 h6 12. 0-0 g5 13. Bh2 g4 14. hxg4 Bxg4 15. Rfe1 Kh8 16. Rad1 Rg8 17. Kf1 Na5 18. Rc1 h5 19. Ng5 Bxe2+ 20. Kxe2 Raf8 21. Rh1 Bh6 22. Ngf3 Rg4 23. Bg3 Rfg8 24. Rh4 Kg7 25. Rxg4+ hxg4 26. Ne1 Bg5 27. Nd3 Rh8 28. f3 Nc6 29. Bf4 Bxf4 30. Nxf4 Rh2 31. Kf2 gxf3 32. Nxf3 Rh8 33. Nd2 Rh4 34. Rg1 cxd4 35. cxd4 Rg4 36. d5 Ne5 37. Rc1 Rxf4+ 38. exf4 Nd3+ 39. Ke3 Nxc1 40. Nc4 Nxd5+ 41. Kd4 Nxf4 42. g3 Nfe2+ 43. Ke3 Nxg3 44. Nxb6 Nf5+ 45. Kf4 Kg6 46. Nd5 Nd3+ 47. Ke4 Nxb2 48. Nb4 Na4 49. Nd3 Nc5+ 50. Nxc5 dxc5 51. Kd5 b5 52. Kxc5 Nd6 53. Kd5 f5 54. Ke5 Kg5 55. Kd4 f4 0-1

[Event "Online Olym Disabilities"]
[Site "Tornelo INT"]
[Date "2020.11.24"]
[Round "4.10"]
[White "Suaza, Yesid Rodrigo"]
[Black "Piekielny, Pawel"]
[Result "0-1"]
[WhiteElo "1836"]
[BlackElo "2098"]
[PlyCount "146"]
[EventDate "2020.11.21"]
[EventType "team-swiss (rapid)"]
[EventRounds "7"]
[EventCountry "NET"]
[SourceTitle "CBM 199 Extra"]
[Source "ChessBase"]
[SourceDate "2021.01.31"]
[SourceVersion "1"]
[SourceVersionDate "2021.01.31"]
[SourceQuality "1"]
[WhiteTeam "Colombia II"]
[BlackTeam "Poland III"]
[WhiteTeamCountry "COL"]
[BlackTeamCountry "POL"]

1. d4 e6 2. Bf4 Nf6 3. Nf3 c5 4. c3 Nc6 5. e3 d5 6. Nbd2 Bd6 7. Ne5 Qc7 8. Bb5 0-0 9. Nxc6 Bxf4 10. Ne7+ Qxe7 11. exf4 cxd4 12. cxd4 Qb4 13. Qa4 Qxb2 14. Rb1 Qc3 15. Ke2 Qc7 16. g3 a6 17. Bd3 Bd7 18. Qb3 Bc6 19. Nf3 Ne4 20. Rhc1 Qa5 21. Rb2 Rac8 22. Qb4 Qxb4 23. Rxb4 f6 24. Nd2 Nxd2 25. Kxd2 Rc7 26. Rb2 Rfc8 27. Rbc2 Kf7 28. a4 h6 29. a5 Ke7 30. Ke3 Kd6 31. h4 Ba4 32. Rxc7 Rxc7 33. Rxc7 Kxc7 34. f5 exf5 35. Bxf5 b6 36. axb6+ Kxb6 37. Kd3 Ka5 38. Kc3 Bb5 39. g4 Ka4 40. f4 Ka3 41. g5 hxg5 42. hxg5 fxg5 43. fxg5 Ka4 44. Be6 Bc4 45. Bd7+ Ka5 46. Bf5 Kb6 47. Bc2 a5 48. Ba4 Bb5 49. Bb3 Kc6 50. Bc2 Kd6 51. Bf5 Bd7 52. Bd3 Bg4 53. Kb3 Bd1+ 54. Kc3 Ke6 55. Kd2 Bf3 56. Ke3 Be4 57. Bxe4 dxe4 58. Kxe4 a4 59. Kd3 Kd5 60. g6 a3 61. Kc3 a2 62. Kb2 Kxd4 63. Kxa2 Ke5 64. Kb2 Kf5 65. Kc3 Kxg6 66. Kd3 Kh5 67. Ke3 Kg4 68. Kf2 Kh3 69. Kg1 g5 70. Kh1 g4 71. Kg1 Kg3 72. Kh1 Kf2 73. Kh2 g3+ 0-1

[Event "COL-ch Visually disabled"]
[Site "Cartagena"]
[Date "2019.12.05"]
[Round "5.4"]
[White "Suaza, Yesid Rodrigo"]
[Black "Villegas, Jeisson Steven"]
[Result "1/2-1/2"]
[WhiteElo "1836"]
[BlackElo "1743"]
[PlyCount "78"]
[EventDate "2019.12.03"]
[EventType "swiss"]
[EventRounds "7"]
[EventCountry "COL"]
[SourceTitle "EXT 2024"]
[Source "ChessBase"]
[SourceDate "2023.10.10"]
[SourceVersion "1"]
[SourceVersionDate "2023.10.10"]
[SourceQuality "1"]

1. d4 e6 2. e4 d5 3. e5 c5 4. Nf3 Nc6 5. c3 Qb6 6. a3 c4 7. Nbd2 Bd7 8. b3 cxb3 9. Qxb3 Qc7 10. Rb1 Na5 11. Qc2 Ne7 12. Bd3 Nc8 13. c4 dxc4 14. Nxc4 Nxc4 15. Qxc4 Qxc4 16. Bxc4 Nb6 17. Be2 Rc8 18. 0-0 Rc2 19. Bd1 Rc7 20. Nd2 Be7 21. f4 0-0 22. Ne4 Rfc8 23. Bf3 Bc6 24. Bd2 Nc4 25. Bb4 Bxb4 26. Rxb4 Bxe4 27. Bxe4 Nd2 28. Bxb7 Rb8 29. Rd1 Rcxb7 30. Rxb7 Rxb7 31. Rxd2 Rb3 32. d5 exd5 33. Rxd5 Kf8 34. Ra5 Rb7 35. Kf2 Ke8 36. Rd5 Rb2+ 37. Kf1 Rb1+ 38. Kf2 Rb2+ 39. Kf1 Rb1+ 1/2-1/2

[Event "Gachantiva op 9th"]
[Site "Gachantiva"]
[Date "2019.06.22"]
[Round "3"]
[White "Sandoval, Cesar Leonardo"]
[Black "Suaza, Yesid Rodrigo"]
[Result "1/2-1/2"]
[WhiteElo "1576"]
[BlackElo "1881"]
[PlyCount "55"]
[EventDate "2019.06.21"]
[EventType "swiss"]
[EventRounds "7"]
[EventCountry "COL"]
[SourceTitle "CBM 191 Extra"]
[Source "ChessBase"]
[SourceDate "2019.09.30"]
[SourceVersion "1"]
[SourceVersionDate "2019.09.30"]
[SourceQuality "1"]

1. d4 Nf6 2. c4 e6 3. g3 d5 4. Nf3 b6 5. cxd5 Qxd5 6. Nc3 Bb4 7. Bg2 Bb7 8. 0-0 Bxc3 9. Nh4 Ne4 10. bxc3 Qc4 11. Qd3 Qxd3 12. exd3 Nd6 13. Bxb7 Nxb7 14. Bf4 Kd7 15. Nf3 f6 16. Rfe1 g5 17. Bc1 Nc6 18. Ba3 Nd6 19. Bxd6 cxd6 20. a3 h5 21. Nd2 h4 22. Kg2 d5 23. Nb3 hxg3 24. hxg3 Rh6 25. Rh1 Rah8 26. Rxh6 Rxh6 27. Rh1 Rxh1 28. Kxh1 1/2-1/2

[Event "Gachantiva op 9th"]
[Site "Gachantiva"]
[Date "2019.06.21"]
[Round "1"]
[White "Rojas Castillo, Leibnitz Edison"]
[Black "Suaza, Yesid Rodrigo"]
[Result "1-0"]
[WhiteElo "1672"]
[BlackElo "1881"]
[PlyCount "79"]
[EventDate "2019.06.21"]
[EventType "swiss"]
[EventRounds "7"]
[EventCountry "COL"]
[SourceTitle "CBM 191 Extra"]
[Source "ChessBase"]
[SourceDate "2019.09.30"]
[SourceVersion "1"]
[SourceVersionDate "2019.09.30"]
[SourceQuality "1"]

1. e4 e6 2. d4 d5 3. Nc3 Nf6 4. Bg5 Bb4 5. e5 h6 6. exf6 hxg5 7. fxg7 Rg8 8. Qh5 Qf6 9. Nf3 Qxg7 10. 0-0-0 Bxc3 11. bxc3 g4 12. Ne5 Nd7 13. Nxd7 Bxd7 14. Be2 0-0-0 15. Kb2 f5 16. Qh4 Rdf8 17. h3 e5 18. hxg4 f4 19. f3 exd4 20. Rxd4 Qe5 21. Re1 Re8 22. Rdd1 Qe3 23. Bc4 Qb6+ 24. Bb3 a5 25. Ka1 Qc5 26. Qf6 Rxe1 27. Rxe1 a4 28. Bxa4 b5 29. Bb3 Qf2 30. Qa6+ Kb8 31. Re7 b4 32. cxb4 Qd4+ 33. Kb1 Rh8 34. Qf1 Kc8 35. Qe1 Kd8 36. Rf7 Re8 37. Rxd7+ Kxd7 38. Ba4+ c6 39. Bxc6+ Kxc6 40. Qxe8+ 1-0

[Event "COL-ch U2000"]
[Site "Pereira"]
[Date "2019.03.23"]
[Round "4"]
[White "Moncada Correa, Sara"]
[Black "Suaza, Yesid Rodrigo"]
[Result "1-0"]
[WhiteElo "1849"]
[BlackElo "1893"]
[PlyCount "21"]
[EventDate "2019.03.21"]
[EventType "swiss"]
[EventRounds "9"]
[EventCountry "COL"]
[SourceTitle "CBM 189 Extra"]
[Source "ChessBase"]
[SourceDate "2019.06.03"]
[SourceVersion "1"]
[SourceVersionDate "2019.06.03"]
[SourceQuality "1"]

1. d4 Nf6 2. Nf3 b6 3. g3 Bb7 4. Bg2 g6 5. c4 Bg7 6. 0-0 0-0 7. Nc3 d6 8. Qc2 c5 9. d5 Nbd7 10. Re1 e5 11. dxe6 1-0

[Event "COL-ch U2000"]
[Site "Pereira"]
[Date "2019.03.23"]
[Round "5"]
[White "Suaza, Yesid Rodrigo"]
[Black "Arango, Jesus Eduardo"]
[Result "1/2-1/2"]
[WhiteElo "1893"]
[BlackElo "1816"]
[PlyCount "34"]
[EventDate "2019.03.21"]
[EventType "swiss"]
[EventRounds "9"]
[EventCountry "COL"]
[SourceTitle "CBM 189 Extra"]
[Source "ChessBase"]
[SourceDate "2019.06.03"]
[SourceVersion "1"]
[SourceVersionDate "2019.06.03"]
[SourceQuality "1"]

1. e4 c6 2. d4 d6 3. c4 Nf6 4. Nc3 g6 5. Be3 Bg7 6. Qd2 0-0 7. Bh6 Nbd7 8. Bxg7 Kxg7 9. Be2 e5 10. Nf3 Re8 11. d5 Nc5 12. Qc2 cxd5 13. cxd5 a5 14. Nd2 Bd7 15. Nc4 Qc7 16. 0-0 Rec8 17. Nd2 Na4 1/2-1/2

[Event "Bogota Mayores Alcaldia op 8th"]
[Site "Bogota"]
[Date "2018.06.11"]
[Round "7"]
[White "Suaza, Yesid Rodrigo"]
[Black "Ramirez, Francisco Javier"]
[Result "0-1"]
[WhiteElo "1882"]
[BlackElo "1949"]
[PlyCount "114"]
[EventDate "2018.06.08"]
[EventType "swiss"]
[EventRounds "7"]
[EventCountry "COL"]
[SourceTitle "CBM 184 Extra"]
[Source "ChessBase"]
[SourceDate "2018.06.28"]
[SourceVersion "1"]
[SourceVersionDate "2018.06.28"]
[SourceQuality "1"]

1. e4 e6 2. d4 d5 3. e5 c5 4. c3 Nc6 5. Nf3 Bd7 6. a3 a5 7. b3 Qb6 8. Bb2 cxd4 9. cxd4 Nge7 10. Bd3 g6 11. 0-0 Rc8 12. Bc2 Bg7 13. Nc3 0-0 14. Qd2 Rc7 15. Rac1 Rfc8 16. Qf4 Be8 17. h4 h5 18. g4 hxg4 19. Qxg4 Nxd4 20. Nxd4 Bxe5 21. Nd1 f5 22. Bxf5 Nxf5 23. Rxc7 Rxc7 24. Nxf5 exf5 25. Qe2 Bxb2 26. Qxe8+ Kh7 27. Nxb2 Qxb3 28. Qe5 Qc3 29. Qf4 Re7 30. Nd1 Qxa3 31. Ne3 Qd3 32. Rd1 Qe4 33. Nxd5 Qxf4 34. Nxf4 Re4 35. Ng2 Rb4 36. Rd7+ Kg8 37. Ne3 b5 38. Nd5 Rxh4 39. Ra7 Ra4 40. Nf6+ Kf8 41. Nd7+ Ke8 42. Nf6+ Kd8 43. Rd7+ Kc8 44. Rg7 b4 45. Rxg6 b3 46. Nd5 b2 47. Rg8+ Kb7 48. Nc3 Rg4+ 49. Rxg4 fxg4 50. Kg2 a4 51. Nb1 Kb6 52. Kg3 Kb5 53. Kxg4 Kb4 54. f4 a3 55. f5 a2 56. Nd2 a1Q 57. f6 Qd1+ 0-1

[Event "Bogota Mayores Alcaldia op 8th"]
[Site "Bogota"]
[Date "2018.06.09"]
[Round "3"]
[White "Suaza, Yesid Rodrigo"]
[Black "Martinez Zuluaica, Julian"]
[Result "0-1"]
[WhiteElo "1882"]
[BlackElo "2115"]
[PlyCount "87"]
[EventDate "2018.06.08"]
[EventType "swiss"]
[EventRounds "7"]
[EventCountry "COL"]
[SourceTitle "CBM 184 Extra"]
[Source "ChessBase"]
[SourceDate "2018.06.28"]
[SourceVersion "1"]
[SourceVersionDate "2018.06.28"]
[SourceQuality "1"]

1. e4 d5 2. exd5 Qxd5 3. Nc3 Qa5 4. Bc4 Nf6 5. d3 Bg4 6. f3 Bf5 7. Bd2 c6 8. Nge2 e6 9. Ng3 Bg6 10. Qe2 Nbd7 11. 0-0-0 Qc7 12. Rde1 b5 13. Bxe6 fxe6 14. Qxe6+ Kd8 15. d4 Bd6 16. Nf5 Bxf5 17. Qxf5 Kc8 18. Ne4 Nxe4 19. fxe4 g6 20. Qg4 Kb7 21. e5 Be7 22. Bh6 Bf8 23. Bd2 Be7 24. Bh6 Nb6 25. Rhf1 Nd5 26. Kb1 Bf8 27. Bd2 Bg7 28. Ba5 Qe7 29. c4 bxc4 30. Qe2 Rac8 31. Qxc4 Rhf8 32. Rxf8 Rxf8 33. Rc1 Qe6 34. Bb4 Rc8 35. Bc5 Bf8 36. a4 Bxc5 37. Qxc5 Qe7 38. Qc2 Qb4 39. Qd3 Qxa4 40. Rf1 Nb4 41. Qc4 Rf8 42. Rxf8 Qd1+ 43. Qc1 Qd3+ 44. Ka1 0-1

[Event "Bogota September op"]
[Site "Bogota"]
[Date "2015.09.18"]
[Round "1"]
[White "Restrepo, Luis Edmer"]
[Black "Suaza, Yesid Rodrigo"]
[Result "0-1"]
[WhiteElo "1633"]
[BlackElo "1983"]
[PlyCount "67"]
[EventDate "2015.09.18"]
[EventType "swiss"]
[EventRounds "6"]
[EventCountry "COL"]
[SourceTitle "EXT 2016"]
[Source "ChessBase"]
[SourceDate "2015.10.08"]
[SourceVersion "1"]
[SourceVersionDate "2015.10.08"]
[SourceQuality "1"]

1. e4 c5 2. Nf3 Nc6 3. c3 d5 4. e5 Bf5 5. Qb3 Qd7 6. Bb5 e6 7. 0-0 Nge7 8. d4 a6 9. Be2 Ng6 10. a3 Be7 11. Qd1 0-0 12. Be3 c4 13. h3 Rfc8 14. Nbd2 Nf8 15. g4 Bg6 16. g5 b5 17. Nh4 a5 18. f4 b4 19. Nxg6 hxg6 20. h4 Na7 21. axb4 axb4 22. h5 bxc3 23. bxc3 Nb5 24. Qc2 Na3 25. Qd1 Nb5 26. Qc2 Ra3 27. Rxa3 Nxa3 28. Qa2 Rb8 29. Nb1 Rb3 30. Nxa3 Rxa3 31. Qb2 Rb3 32. Qa1 Qb7 33. Qe1 Rb2 34. Bd2 0-1

[Event "Mosquera op"]
[Site "Mosquera"]
[Date "2014.11.02"]
[Round "6"]
[White "Suaza, Yesid Rodrigo"]
[Black "Restrepo, Jose Daniel"]
[Result "1-0"]
[WhiteElo "1976"]
[BlackElo "1887"]
[PlyCount "42"]
[EventDate "2014.10.30"]
[EventType "swiss"]
[EventRounds "9"]
[EventCountry "COL"]
[SourceTitle "EXT 2015"]
[Source "ChessBase"]
[SourceDate "2014.11.20"]
[SourceVersion "1"]
[SourceVersionDate "2014.11.20"]
[SourceQuality "1"]

1. e4 d5 2. exd5 Qxd5 3. Nc3 Qd6 4. d4 Nf6 5. Bg5 c6 6. Qd2 Bf5 7. Bc4 Nbd7 8. Nge2 e6 9. Bf4 Qb4 10. Bb3 Be7 11. f3 a5 12. a3 Qb6 13. g4 Bg6 14. h4 h5 15. Rg1 Rd8 16. Qe3 0-0 17. 0-0-0 Qa7 18. gxh5 Nxh5 19. Rxg6 Nxf4 20. Nxf4 fxg6 21. Qxe6+ Kh8 1-0

[Event "Mosquera op"]
[Site "Mosquera"]
[Date "2014.11.01"]
[Round "5"]
[White "Cifuentes, John Jairo"]
[Black "Suaza, Yesid Rodrigo"]
[Result "1-0"]
[WhiteElo "2201"]
[BlackElo "1976"]
[PlyCount "43"]
[EventDate "2014.10.30"]
[EventType "swiss"]
[EventRounds "9"]
[EventCountry "COL"]
[SourceTitle "EXT 2015"]
[Source "ChessBase"]
[SourceDate "2014.11.20"]
[SourceVersion "1"]
[SourceVersionDate "2014.11.20"]
[SourceQuality "1"]

1. e4 c5 2. Nf3 d6 3. Nc3 Nf6 4. d4 cxd4 5. Nxd4 a6 6. Bc4 e5 7. Nf5 Bxf5 8. exf5 Qc7 9. Bb3 Nbd7 10. g4 Nc5 11. g5 Nxb3 12. axb3 Qc6 13. f3 Nd7 14. Be3 Rc8 15. Qe2 d5 16. 0-0-0 Bc5 17. Bxc5 Qxc5 18. Rxd5 Qb4 19. Rhd1 Qf4+ 20. Kb1 Rc7 21. Qd3 0-0 22. Rxd7 1-0

[Event "Bogota McGregor op 4th"]
[Site "Bogota"]
[Date "2013.12.08"]
[Round "9"]
[White "Suaza, Yesid Rodrigo"]
[Black "Ruiz Agudelo, Santiago"]
[Result "1-0"]
[WhiteElo "1971"]
[BlackElo "1726"]
[PlyCount "37"]
[EventDate "2013.12.04"]
[EventType "swiss"]
[EventRounds "9"]
[EventCountry "COL"]
[SourceTitle "CBM 157 Extra"]
[Source "ChessBase"]
[SourceDate "2013.12.19"]
[SourceVersion "1"]
[SourceVersionDate "2013.12.19"]
[SourceQuality "1"]

1. e4 e6 2. d3 d5 3. Qe2 Ne7 4. g3 c5 5. Bg2 Nbc6 6. c3 g6 7. Na3 Bg7 8. Nf3 0-0 9. Nc2 b5 10. d4 c4 11. h4 a5 12. a3 Ba6 13. h5 Qb6 14. hxg6 fxg6 15. Ng5 h6 16. Nxe6 Rf6 17. exd5 Nd8 18. Nxg7 Kxg7 19. Qxe7+ 1-0

[Event "Bogota McGregor op 4th"]
[Site "Bogota"]
[Date "2013.12.07"]
[Round "7"]
[White "Ferrara, Alexis"]
[Black "Suaza, Yesid Rodrigo"]
[Result "1-0"]
[WhiteElo "2161"]
[BlackElo "1971"]
[PlyCount "127"]
[EventDate "2013.12.04"]
[EventType "swiss"]
[EventRounds "9"]
[EventCountry "COL"]
[SourceTitle "CBM 157 Extra"]
[Source "ChessBase"]
[SourceDate "2013.12.19"]
[SourceVersion "1"]
[SourceVersionDate "2013.12.19"]
[SourceQuality "1"]

1. d4 d6 2. g3 Nf6 3. Bg2 g6 4. Nf3 Bg7 5. 0-0 0-0 6. c4 Nbd7 7. Nc3 c5 8. d5 Ng4 9. Nd2 h5 10. h3 Nh6 11. e4 a6 12. Nf3 Rb8 13. a4 f6 14. Nh4 Qe8 15. f4 Kh7 16. Bf3 f5 17. exf5 Nxf5 18. Nxf5 Bxc3 19. bxc3 Rxf5 20. Be4 Rf6 21. Qxh5+ Kg7 22. Qg5 Qh8 23. h4 Qh5 24. Ra2 Nf8 25. Bf3 Qxg5 26. hxg5 Rf7 27. g4 Kg8 28. Kg2 b6 29. Kg3 Bd7 30. Be4 b5 31. axb5 axb5 32. Rb2 Kg7 33. Bd2 e6 34. Rfb1 exd5 35. Bxd5 Re7 36. cxb5 Be6 37. Re1 Kf7 38. Rxe6 Rxe6 39. f5 Ke7 40. Bxe6 Nxe6 41. fxe6 Kxe6 42. c4 d5 43. Bf4 Rb7 44. Re2+ Kf7 45. cxd5 Rxb5 46. d6 Rb3+ 47. Re3 c4 48. Kf3 Rb7 49. Re7+ Rxe7 50. dxe7 Kxe7 51. Ke4 c3 52. Kd3 Ke6 53. Kxc3 Kd5 54. Kd3 Ke6 55. Ke4 Kf7 56. Kd5 Ke7 57. Ke5 Kf7 58. Kd6 Kg7 59. Ke6 Kh7 60. Kf7 Kh8 61. Kxg6 Kg8 62. Kh6 Kh8 63. g6 Kg8 64. g7 1-0

[Event "COL-ch Physically limited 3rd"]
[Site "Colombia"]
[Date "2012.11.26"]
[Round "4.2"]
[White "Suaza, Yesid Rodrigo"]
[Black "Riveros Ramirez, William Alonso"]
[Result "1-0"]
[WhiteElo "1992"]
[BlackElo "1631"]
[PlyCount "79"]
[EventDate "2012.11.25"]
[EventType "swiss"]
[EventRounds "7"]
[EventCountry "COL"]
[SourceTitle "EXT 2024"]
[Source "ChessBase"]
[SourceDate "2023.10.10"]
[SourceVersion "1"]
[SourceVersionDate "2023.10.10"]
[SourceQuality "1"]

1. e4 e5 2. Nf3 Nc6 3. Bb5 d6 4. 0-0 Bg4 5. c3 a6 6. Ba4 Qf6 7. d3 Bxf3 8. gxf3 Be7 9. Kh1 Qh4 10. Be3 f5 11. Rg1 f4 12. Rg4 Qh6 13. Bd2 g5 14. Na3 Qh3 15. Qe2 h5 16. Rg2 Nh6 17. Rag1 g4 18. Bd1 0-0-0 19. Nc2 Bh4 20. d4 Rdg8 21. b4 g3 22. Qf1 Ne7 23. Be1 gxh2 24. Rxh2 Qxf1 25. Rxf1 Bf6 26. d5 h4 27. Rg1 b5 28. Be2 Rxg1+ 29. Kxg1 Rg8+ 30. Rg2 Rxg2+ 31. Kxg2 Kb7 32. c4 Kb6 33. Bc3 c5 34. Na3 cxb4 35. Bxb4 a5 36. Bxd6 b4 37. c5+ Kb7 38. Nc4 Nf7 39. Nxa5+ Ka7 40. Bc7 1-0

[Event "Bogota district-chT"]
[Site "Bogota"]
[Date "2012.11.10"]
[Round "3"]
[White "Suaza, Yesid Rodrigo"]
[Black "Garavito, Miguel Angel"]
[Result "0-1"]
[WhiteElo "1992"]
[BlackElo "2236"]
[PlyCount "58"]
[EventDate "2012.11.09"]
[EventType "team-swiss"]
[EventRounds "5"]
[EventCountry "COL"]
[SourceTitle "EXT 2014"]
[Source "ChessBase"]
[SourceDate "2013.11.20"]
[SourceVersion "1"]
[SourceVersionDate "2013.11.20"]
[SourceQuality "1"]

1. e4 e5 2. Nf3 Nc6 3. Bb5 a6 4. Ba4 Nf6 5. d4 exd4 6. Nxd4 Qe7 7. Bxc6 dxc6 8. 0-0 Bg4 9. Qd3 0-0-0 10. Nxc6 bxc6 11. Qxa6+ Kd7 12. h3 Qe5 13. hxg4 Bd6 14. g3 Nxg4 15. Qe2 Qh5 16. f4 Bc5+ 17. Kg2 Ne3+ 18. Qxe3 Bxe3 19. Bxe3 Qe2+ 20. Bf2 Qxe4+ 21. Kg1 Kc8 22. Nc3 Qf3 23. Rad1 Rxd1 24. Rxd1 Rd8 25. Rxd8+ Kxd8 26. Na4 Qd1+ 27. Kg2 Qd5+ 28. Kg1 Qxa2 29. Nc5 Qxb2 0-1